000 00443nam a2200133Ia 4500
008 100328s9999 xx 000 0 und d
082 _b57768
100 _aसोनवणी संजय
245 _aआभाळात गेलेली माणसं
260 _bपुष्प
630 _aआभाळात गेलेली माणसं
730 _aआभाळात गेलेली माणसं
942 _cBOOK
999 _c544191
_d544188